000 00453nam a2200145 i 4500
001 57192
003 ES-MaACL
007 t|
008 031015s1982 sp ||||1| spa d
245 0 0 _aDocumentos constitucionales y textos políticos /
_cedición preparada por Luis Sánchez Agesta.
260 _aMadrid :
_bEditora Nacional,
_c[1982]
300 _a431 p. ;
_c18 cm.
700 1 _aSánchez Agesta, Luis.
_9102435
852 _aES-MaACL
_jL-621
_bR.104189
999 _c57192
_d57192